MDQL
is popping MORE tags! Check the
thread
!
Quizzes
Events
Quiz Creation
Community
Videos
Private Events
Remove Ads
Sign In
Join for FREE
Feedback
Dark Mode
Quiz Categories
Sports
Geography
Music
Movies
Television
Just For Fun
Miscellaneous
History
Literature
Language
Science
Gaming
Entertainment
Religion
Holiday
For Kids
Quiz Lab
Recent
Popular Today
Quiz Kudos Today
Editor Picks
Curator Picks
Quizzes by...
Day
Popularity
Type
Ratings
Length
Year
Community
Subscriptions
Recent Discussions
Orange Saloon
Badges
Playlists
Quests
Create
Leaderboards
Showdown
Live 5
Trivia Bingo
Activity
Puzzle Library
Sporcle Events
Private Events
Virtual Trivia
Globe League
Become a Host
Pub Owners
SporcleCon
Opinionation
Our Games
Videos
Blog
Mobile Apps
Partnerships
Remove Ads and Go Orange
Feedback
History
US Presidents
World Leaders
Politics
Nation
Discovery
War
Decade
Year
Century
Biography
Art
History
US Presidents
World Leaders
Politics
Nation
Discovery
War
Decade
Year
Century
Biography
Art
Random Quiz
Search Sporcle
×
Quiz Lab
Quiz Lab
History
Dead Kennedys
Type in answers that appear in a list
Type in answers that appear in a list
Classic
Best Score? Go Orange.
What do you know about the Kennedys? Stats
Can you name the What do you know about the Kennedys?
By
Bacon21289
12m
15 Questions
236 Plays
236 Plays
236 Plays
Comments
Comments
Give Quiz Kudos
Give Quiz Kudos
-
- Ratings
hide this ad
Random Order
Randomize order of answers
Randomize order of answers
Replay
Link that replays current quiz
Next Quiz
Link to next quiz in quiz playlist
You Got
0%
They Got
Avg Score
52%
Avg Friend Score
Upgrade to see
Score Distribution
Jump to the score distribution portion of the page
Score
0/15
Timer
12:00
0
Plays Today
Hint
Answer
% Correct
what year was J.F.K assassinated
1963
86%
What year was Bobby Kennedy assassinated
1968
82.6%
What is John F. Kennedy's nickname
Jack
71.2%
How many children did bobby have
11
70.3%
Were all four Boys in the service
yes
68.2%
which Kennedy sibling is still living today
Jean
60.2%
How did Teddy die
brain cancer
60.2%
Who is the oldest of John F. Kennedy's sibilings
Joe Jr
59.7%
Hint
Answer
% Correct
How did Joe Jr die
Military plane crash
55.9%
what is Bobby's youngest child's name
Rory
52.5%
How old was Joe Jr when he died
28
48.7%
What was John's dads name
Joseph P. Kennedy Sr
33.9%
How many kids did John have
2
20.8%
How many sisters did John have
5
17.8%
Name Johns siblings in order
Joe John Rosemary Kathleen Eunice Patricia Robert Jean Teddy
3%
Quiz Playlist
Details
Report
Send in Message
Add To Playlist
Classic:
Type in answers that appear in a list
Random Order:
Randomize order of answers
Last Updated: Feb 16, 2017
Quiz Scoreboard
CHALLENGE
Sign Up to Join the Scoreboard
Show All
Scores
Hide
Comments
May contain spoilers
Recently Published
Find the 'City' Movie
by crazypaving
Movies
60s
5x2 Blitz: Bands
by SL_Kpop136
Music
30s
Colored Red Africa Blitz
by spor1
Geography
30s
More to Explore
Quiz From the Vault
Featured Blog Post
14 Easter Pick-up Lines to Find Eggs With
hide this ad
You Might Also Like...
Tags
Dead Kennedys
Today's Top Quizzes in History
Browse History
hide this ad
Top Contributed Quizzes in History
1
Popular People in 1991
2
US National Parks Named After People
3
Popular People in 1951
4
Popular People in 1941
5
Order Up: 1000 Years of World Events I
6
I Am Born On March 29th
7
Popular People in 1921
8
Popular People in 1981
9
Popular People in 1986
10
Popular People in 1976
Explore More
Trending Topics
Kpop
NBA
Harry Potter
Marvel
Anime
Crossword
Disney
Country
Pokémon
WWE
Puzzle
The Office
NFL
Song
Soccer
hide this ad
More By:
Bacon21289
Quiz
Plays
Rating
Category
Featured
Created
What do you know about the Kennedys?
236
1.00
History
Jul 11, 2014
Go to Creator's Profile
Score Distribution
Quiz Creator Spotlight
Bacon21289
Follow
Send a Message
Quizzes Created
-
Created Quiz Play Count
-
More By This Creator
Popular Quizzes Today
1
Colored Red Africa Blitz
2
Find the 'City' Movie
3
Find the US States - No Outlines Minefield
4
5x2 Blitz: Bands
5
The Countries of the World
6
Find the US States
7
US States
8
Find the Countries of Europe - No Outlines Minefield
More History Quizzes
20 Centuries, 20 Questions: 6th Century
Quiz Lab
Trending Quizzes
Colored Red Europe Blitz I
Colored Red Africa Blitz II
Colored Red Europe Blitz II
Colored Red Africa Blitz III
Colored Red Europe Blitz III
Recently Updated
How Do You Spell That?
pecheneg
Godzilla Movies
pecheneg
Grab Bag: 4-10 Letters
pecheneg
2024 March Madness Bracket
pecheneg
Famous TV Couples
Peacemaker
Champions League XIs: Real Madrid
pecheneg
Largest US Cities 1790-2010
pecheneg
Rides in Walt Disney World
pecheneg
Most Oscar Losses (Acting)
pecheneg
Beyoncé Albums
pecheneg
Trending Topics
NBA
Marvel
Kpop
Disney
Harry Potter
Anime
Crossword
Pokémon
Puzzle
WWE
NFL
Soccer
Country
The Office
Song
Your Account Isn't Verified!
In order to create a playlist on Sporcle, you need to verify the email address you used during registration. Go to your
Sporcle Settings
to finish the process.
Report this User
Report this user for behavior that violates our
Community Guidelines
.
Details:
Send Report
Go to the Sporcle.com Mobile Site →
Comments